Shared memory multiprocessing
Saved in:
| Main Author: | |
|---|---|
| Format: | Book |
| Language: | English |
| Published: |
Cambridge, Mass. :
MIT Press,
c1992
|
| Subjects: | |
| Tags: |
Add Tag
No Tags, Be the first to tag this record!
|
MARC
| LEADER | 00000nam a2200000 i 4500 | ||
|---|---|---|---|
| 001 | 1/20288 | ||
| 008 | 010727s1992 eng d | ||
| 020 | |a 0-262-19322-1 | ||
| 035 | |l 10067102 | ||
| 040 | |a GR-MY-UA |b gre |e aacr | ||
| 041 | 0 | |a eng | |
| 082 | 0 | |a 004.35 | |
| 100 | 1 | |a Suzuki, Norihisa |d 1946- | |
| 245 | 1 | 0 | |a Shared memory multiprocessing / |c edited by Norihisa Suzuki |
| 260 | |a Cambridge, Mass. : |b MIT Press, |c c1992 | ||
| 300 | |a x, 510 p.; |b ill.; |c 24 cm. | ||
| 504 | |a Includes bibliographical references. | ||
| 650 | 0 | 0 | |a Multiprocessors. |
| 650 | 0 | 0 | |a Memory management (Computer science) |
| 852 | |a INST |b SAMOS |e 20010727 |h 004.35 SHA |p 005300020572 |q 005300020572 |t BK |y 0 | ||
| 901 | |a BIBL3-2001-2 | ||
| 909 | |a Σ |b 087127 | ||
| 922 | |a 3ΕΛΗ |b 200008 |c ΤΠΕΣ/ΠΟΛ |d LEADER | ||
| 970 | |a ΜΑΛΑΓΑΡΗ |b ΦΩΤΕΙΝΗ |z 2001/07/27 | ||